000
00298nam a22001337a 4500
999
_c
160530
_d
160530
082
_a
_b
100
_a
Maurice A Canney
245
_a
An encyclopaedia of religions/
_c
by Maurice A Canney.
250
_a
260
_a
Delhi:
_b
Nag Pub,
_c
1976p.
300
_a
397p.
650
_a
942
_c
BK